Gasellit - "Mitä mä malagas?" - sanat - Statistics

Yleistilastot
  • Tätä visaa on pelattu 49 kertaa
  • Keskiarvotulos 284 / 426
Vastaustilastot
Vastaus % Oikein
100%
himas
98%
hito
98%
hyvin
98%
viihdyn
98%
malaga
96%
mitä
96%
hiton
94%
malagas
94%
ei
92%
ja
90%
90%
oo
88%
tää
83%
himassa
81%
jo
81%
tääl
81%
a-ha
79%
ain
79%
on
79%
vaik
77%
ku
75%
mut
75%
oon
75%
asu
73%
luksusta
73%
aina
71%
asunu
71%
muksusta
71%
suuri
69%
juuri
67%
kämppä
67%
naapuri
65%
pieni
65%
vuokra
65%
mun
63%
remontoi
63%
ryyppää
63%
alakerran
58%
las
58%
saa
58%
tarvii
58%
jään
56%
kallio
56%
mahtumaa
56%
palmas
56%
panama
56%
täällä
56%
ihan
54%
jostai
54%
käydä
54%
kiva
54%
kivempi
54%
palata
54%
sängyn
54%
sit
54%
syystä
54%
tänne
54%
se
52%
yhtään
52%
ystävää
52%
eikä
50%
havana
50%
himani
50%
käpylä
50%
keskiyöl
50%
ogeli
50%
sanot
50%
kuulee
48%
lomia
48%
pitää
48%
siel
48%
teen
48%
yksinään
48%
lahden
46%
näkee
46%
järjestyssäännöt
44%
joka
44%
kadun
44%
nään
44%
pätee
44%
pyykkää
44%
saman
44%
savela
44%
taas
44%
vittua
44%
harvemmin
42%
ikkunasta
42%
puolen
42%
tunnelman
42%
tuntee
42%
tuolla
42%
ilta
40%
kaduilla
40%
ne
40%
nuhjusta
40%
tuttuja
40%
kaikki
38%
kun
35%
kyl
35%
muutaman
35%
säteel
35%
tai
35%
tuttua
35%
väkee
35%
home
33%
khyä
33%
päivystää
33%
sitä
33%
sweet
33%
ala-malmi
31%
eiffeliä
31%
haisemaa
31%
puistossa
31%
rupes
31%
beniä
29%
big
29%
dänkit
29%
kalpeena
29%
naapurin
29%
täynnä
29%
unohda
29%
villa
29%
aivan
27%
betoni
27%
haittaa
27%
hotelli
27%
järvimaisema
27%
oma
27%
onkohan
27%
takatalvi
27%
ullakolla
27%
vika
27%
everestii
25%
fiilaa
25%
geimii
25%
lähtee
25%
liidaan
25%
lisaa
25%
miks
25%
mona
25%
mörkö
25%
pekonii
25%
25%
enää
23%
heviä
23%
kansanmusa
23%
kaupungin
23%
koko
23%
kotisohvalta
23%
ollaa
23%
perillä
23%
taakse
23%
jääny
21%
kuha
21%
romantica
21%
avaruus-sukkulal
19%
imas
19%
kukkulal
19%
talven
19%
vihreempää
19%
himaa
17%
linnan
17%
oltuu
17%
suht
17%
tulipaha
17%
vieraalla
17%
bonjaat
15%
kivas
15%
ric
15%
iisi
10%
tjenaa
10%
flairi
8%
woo
8%
kallionpohjalta
6%
morottelee
4%
kilsna
0%
tempurinn
0%
uksusta
0%
Ehtoja vastaavia visoja ei löytynyt
Tulosjakauma
Jokaisen tuloksen saaneiden osuus
Persentiili vastausten määrän mukaan
Tuloshistoriasi
Et ole pelannut tätä visaa